[Event "Moscow Open 2009 B"]
[Site "www.moscowchessopen.ru"]
[Date "2009.02.04"]
[Round "5.151"]
[White "Dubov, Alexandr"]
[Black "Dudkin, Maxim"]
[Result "0-1"]
[WhiteElo "1903"]
[BlackElo "2104"]
[Annotator ""]
[Source ""]
[Remark ""]

1.d4 f5 2.Nf3 g6 3.h4 Nf6 4.Bf4 Bg7 5.Nc3 c5 6.dxc5 Nc6 7.Qc1
Qa5 8.Bh6 Bxh6 9.Qxh6 Nb4 10.Nd4 Qxc5 11.Qd2 Qxd4 12.Qc1 Ne4
13.e3 Qc5 14.a3 Nd5 15.Nxe4 fxe4 16.h5 g5 17.h6 Nf6 18.Qd1 d6
19.c4 Ng4 20.Be2 Qf5 21.Bxg4 Qxg4 22.Qd4 Rf8 23.O-O Rf6 24.c5
dxc5 25.Qxc5 Qf5 26.Qd4 Bd7 27.f4 g4 28.Rac1 Bc6 29.Rfd1 g3 30.Rc5
Qd7 31.Qxd7+ Bxd7 32.Rg5 Rg6 33.Rxg6 hxg6 34.h7 O-O-O 35.Rd4
Rh8 36.Rxe4 Rxh7 37.Re5 Rh5 38.Rxe7 Rd5 0-1

[Event "Moscow Open 2009 B"]
[Site "www.moscowchessopen.ru"]
[Date "2009.02.04"]
[Round "5.152"]
[White "Paldyaev, Vladislav"]
[Black "Konovalov, Viatcheslav"]
[Result "0-1"]
[WhiteElo "1853"]
[BlackElo "2086"]
[Annotator ""]
[Source ""]
[Remark ""]

1.e4 e5 2.Nf3 Nc6 3.Bc4 Bc5 4.c3 Qe7 5.O-O d6 6.d4 Bb6 7.a4 a6
8.a5 Nxa5 9.Rxa5 Bxa5 10.Qa4+ b5 11.Qxa5 bxc4 12.Qa4+ Bd7 13.Qa5
Nf6 14.Bg5 O-O 15.Qxc7 Rfc8 16.Bxf6 gxf6 17.Qa5 Kh8 18.Nfd2 f5
19.f3 Bb5 20.Rf2 f4 21.Na3 exd4 22.cxd4 Qa7 23.Qc3 Qe7 24.Ndb1
d5 25.e5 Bd7 26.Qd2 Qg5 27.Nc3 Be6 28.Ne2 Rab8 29.Nb1 Rb3 30.Nec3
Rcb8 31.Nd1 Rd3 32.Qc1 Rg8 33.Kf1 Qh6 34.h3 Qg5 35.Ndc3 Qh6 0-1

[Event "Moscow Open 2009 B"]
[Site "www.moscowchessopen.ru"]
[Date "2009.02.04"]
[Round "5.153"]
[White "Kurnaev, Vladimir"]
[Black "Popov, Mikhail"]
[Result "1-0"]
[WhiteElo "2063"]
[BlackElo "1965"]
[Annotator ""]
[Source ""]
[Remark ""]

1.d4 f5 2.Bg5 Nf6 3.e3 Ne4 4.Bh4 d5 5.Nf3 Qd6 6.c3 Qh6 7.Qc1
e6 8.Be2 Bd6 9.O-O O-O 10.Bg3 Bxg3 11.hxg3 Nd7 12.Nbd2 g5 13.c4
f4 14.cxd5 exd5 15.Qxc7 Ndf6 16.exf4 Ng4 17.Nxe4 dxe4 18.fxg5
Qh5 19.Nh4 Qxg5 20.Bc4+ Kh8 21.Qc5 Bf5 22.d5 Qg7 23.b3 Rac8 24.Qxa7
Ra8 25.Qb6 Qb2 26.a4 Rae8 27.Rab1 Qc3 28.Rbc1 Qb2 29.Qb4 e3 30.f3
e2 31.Bxe2 Qxe2 32.fxg4 Qe3+ 33.Kh2 Rf6 34.Qc3 1-0

[Event "Moscow Open 2009 B"]
[Site "www.moscowchessopen.ru"]
[Date "2009.02.04"]
[Round "5.154"]
[White "Parakhoni, Anna"]
[Black "Glazkov, Arseny"]
[Result "0-1"]
[WhiteElo "1793"]
[BlackElo "2055"]
[Annotator ""]
[Source ""]
[Remark ""]

1.e4 c5 2.g3 d5 3.exd5 Qxd5 4.Nf3 Bg4 5.Bg2 Qe4+ 6.Qe2 Qxe2+
7.Kxe2 Nc6 8.Kf1 f6 9.h3 Bh5 10.a3 O-O-O 11.d3 e5 12.g4 Bf7 13.Be3
Kc7 14.Nc3 a6 15.Nh4 b6 16.f4 Nd4 17.Rc1 Bd6 18.Ne4 Ne7 19.Nxd6
Kxd6 20.fxe5+ fxe5 21.Kf2 Rdf8 22.Ke1 h6 23.Be4 g5 24.Ng2 Bd5
25.Bxd5 Nxd5 26.Rf1 Rxf1+ 27.Kxf1 Rf8+ 28.Ke1 Rf3 29.Bxd4 cxd4
30.h4 Rg3 31.Kf2 Rxg4 32.Kf3 h5 33.hxg5 Rxg5 34.Rh1 Ne7 35.Nh4
Kd5 36.c4+ dxc3 37.bxc3 b5 38.Ng2 Nf5 39.Rh3 Ke6 40.Ne3 Nd6 41.Nc2
a5 42.Ne3 Nf5 43.Nxf5 Kxf5 44.Rh4 Kg6 45.Re4 Rf5+ 46.Kg3 Kf6
47.a4 Rf4 48.axb5 Rxe4 49.dxe4 Ke6 50.c4 a4 51.Kh4 a3 52.b6 Kd6
53.c5+ Kc6 0-1

[Event "Moscow Open 2009 B"]
[Site "www.moscowchessopen.ru"]
[Date "2009.02.04"]
[Round "5.155"]
[White "Kochetkov, Victor N"]
[Black "Ovchinnikov, Andrey"]
[Result "1-0"]
[WhiteElo "2048"]
[BlackElo "1964"]
[Annotator ""]
[Source ""]
[Remark ""]

1.Nc3 c5 2.Nf3 Nf6 3.d4 cxd4 4.Nxd4 b6 5.e4 d6 6.Bg5 a6 7.f3
e6 8.Bc4 b5 9.Bb3 Be7 10.O-O O-O 11.Qd2 Qc7 12.a4 bxa4 13.Rxa4
Bd7 14.Ra2 Nc6 15.Kh1 Rfe8 16.Rg1 Qb7 17.Nxc6 Bxc6 18.Be3 Red8
19.Qe2 d5 20.exd5 Nxd5 21.Nxd5 Bxd5 22.Bxd5 Rxd5 23.g3 h6 24.c3
Bf6 25.Kg2 Rb5 26.Kf2 Rd8 27.g4 Bh4+ 1-0

[Event "Moscow Open 2009 B"]
[Site "www.moscowchessopen.ru"]
[Date "2009.02.04"]
[Round "5.156"]
[White "Zaitsev, Vladimir"]
[Black "Firstov, Pavel"]
[Result "1/2-1/2"]
[WhiteElo "1780"]
[BlackElo "2043"]
[Annotator ""]
[Source ""]
[Remark ""]

1.c4 b6 2.Nc3 Bb7 3.Nf3 e6 4.e3 f5 5.d4 Nf6 6.Bd3 Bb4 7.Bd2 O-O
8.O-O d6 9.a3 Bxc3 10.Bxc3 Ne4 11.Bxe4 fxe4 12.Nd2 Qh4 13.h3
Nd7 14.Qg4 Qxg4 15.hxg4 Rf7 16.f3 exf3 17.gxf3 Raf8 18.e4 e5
19.dxe5 Nxe5 20.Bxe5 dxe5 21.b4 Rd7 22.Rf2 Rd3 23.c5 bxc5 24.Rc1
cxb4 25.Rxc7 Rf7 26.Rxf7 Kxf7 27.axb4 Ba6 28.Nf1 Rd1 29.Kg2 Rb1
30.Ne3 Rxb4 31.Ra2 Rb6 32.Nd5 Rd6 33.Nb4 Bc4 34.Rxa7+ Kf6 35.Kg3
Rb6 1/2-1/2

[Event "Moscow Open 2009 B"]
[Site "www.moscowchessopen.ru"]
[Date "2009.02.04"]
[Round "5.157"]
[White "Subbotin, Andrey"]
[Black "Voronkov, Denis"]
[Result "1/2-1/2"]
[WhiteElo "2043"]
[BlackElo "1960"]
[Annotator ""]
[Source ""]
[Remark ""]

1.Nf3 d5 2.d4 e6 3.Bf4 f5 4.c4 c6 5.e3 Nf6 6.Nc3 Be7 7.Bd3 O-O
8.h3 Ne4 9.g4 Qa5 10.Bxe4 fxe4 11.Ne5 Nd7 12.O-O Nxe5 13.Bxe5
Rf3 14.Kg2 Qd8 15.Ne2 Bd6 16.Bxd6 Qxd6 17.c5 Qc7 18.Ng1 Rf8 19.f3
b6 20.Qa4 bxc5 21.fxe4 Rxf1 22.Rxf1 cxd4 23.exd5 exd5 24.exd4
Bd7 25.Qa3 Re8 26.Nf3 1/2-1/2

[Event "Moscow Open 2009 B"]
[Site "www.moscowchessopen.ru"]
[Date "2009.02.04"]
[Round "5.158"]
[White "Procop, Egor"]
[Black "Kuzin, Sergey"]
[Result "0-1"]
[WhiteElo "1739"]
[BlackElo "2037"]
[Annotator ""]
[Source ""]
[Remark ""]

1.e4 d5 2.exd5 Qxd5 3.Nc3 Qa5 4.d4 Nf6 5.Bc4 c6 6.Bb3 Bf5 7.Bd2
e6 8.Nf3 Nbd7 9.Qe2 Bb4 10.O-O-O O-O-O 11.Kb1 Nd5 12.Ne4 Bxe4
13.Qxe4 N7f6 14.Qe1 Bxd2 15.Qxd2 Qxd2 16.Rxd2 Nf4 17.Ng5 Rhf8
18.g3 N4d5 19.Re1 h6 20.Nf3 Ne7 21.Ne5 Kc7 22.c4 Nf5 23.Nf3 Rd7
24.Bc2 Rfd8 25.Red1 g6 26.h3 Nd6 27.Ne5 Re7 28.c5 Nf5 29.Nc4 0-1

[Event "Moscow Open 2009 B"]
[Site "www.moscowchessopen.ru"]
[Date "2009.02.04"]
[Round "5.159"]
[White "Mazurov, Arslan"]
[Black "Malov, Lev"]
[Result "0-1"]
[WhiteElo "1553"]
[BlackElo "2036"]
[Annotator ""]
[Source ""]
[Remark ""]

1.e4 c6 2.d4 d5 3.e5 f6 4.f4 Bf5 5.Nf3 e6 6.Bd3 Be4 7.c3 Qd7
8.O-O f5 9.Ng5 Nh6 10.Bxe4 fxe4 11.g4 Be7 12.h4 O-O 13.Na3 Nf7
14.Qe1 Nxg5 15.hxg5 Bxa3 16.bxa3 g6 17.Rb1 b6 18.Rb2 Na6 19.Rh2
Rf7 20.Kg2 Raf8 21.Rfh1 0-1

[Event "Moscow Open 2009 B"]
[Site "www.moscowchessopen.ru"]
[Date "2009.02.04"]
[Round "5.160"]
[White "Smagin, Nikita"]
[Black "Lobanov, Igor"]
[Result "1/2-1/2"]
[WhiteElo "2034"]
[BlackElo "1948"]
[Annotator ""]
[Source ""]
[Remark ""]

1.e4 c5 2.Nf3 Nc6 3.d4 cxd4 4.Nxd4 Nf6 5.Nc3 e5 6.Ndb5 d6 7.Bg5
a6 8.Na3 b5 9.Nd5 Be7 10.Bxf6 Bxf6 11.c3 O-O 12.Be2 Bg5 13.Nc2
f5 14.exf5 Bxf5 15.Nce3 Bg6 16.O-O Kh8 17.a4 bxa4 18.Rxa4 a5
19.Rc4 Ne7 20.Nxe7 Bxe7 21.Nd5 Rb8 22.b4 axb4 23.cxb4 Bf7 24.Bf3
Bxd5 1/2-1/2

[Event "Moscow Open 2009 B"]
[Site "www.moscowchessopen.ru"]
[Date "2009.02.04"]
[Round "5.161"]
[White "Lagoda, Vladimir"]
[Black "Kovalev, Evgeny I"]
[Result "1-0"]
[WhiteElo "2032"]
[BlackElo "1832"]
[Annotator ""]
[Source ""]
[Remark ""]

1.e4 c5 2.Nf3 d6 3.d4 cxd4 4.Nxd4 Nf6 5.Nc3 a6 6.Be2 e5 7.Nb3
Be7 8.Bg5 Be6 9.Bxf6 Bxf6 10.Nd5 Nd7 11.O-O O-O 12.c3 Kh8 13.a4
Bg5 14.a5 g6 15.Ra4 Rg8 16.Rb4 Rb8 17.f4 Bxd5 18.fxg5 Bxb3 19.Qxb3
Nc5 20.Qxf7 Qxg5 21.Qf6+ Qxf6 22.Rxf6 Rgd8 23.Rf7 Rd7 24.Bc4
Rxf7 25.Bxf7 Kg7 26.Bd5 Kf6 27.Rb6 Ke7 28.b4 Na4 29.Rxb7+ Rxb7
30.Bxb7 Nxc3 31.Kf2 Kd7 32.Kf3 Na2 33.b5 axb5 34.a6 Kc7 35.Bd5
Kb6 36.Bxa2 1-0

[Event "Moscow Open 2009 B"]
[Site "www.moscowchessopen.ru"]
[Date "2009.02.04"]
[Round "5.180"]
[White "Moshensky, Denis"]
[Black "Skoriak, Ivan"]
[Result "0-1"]
[WhiteElo "1847"]
[BlackElo "2080"]
[Annotator ""]
[Source ""]
[Remark ""]

1.e4 e5 2.Nf3 Nc6 3.Bb5 a6 4.Ba4 Nf6 5.O-O b5 6.Bb3 Be7 7.Re1
d6 8.c3 O-O 9.h3 Na5 10.Bc2 c5 11.d4 Qc7 12.Nbd2 Bb7 13.Nf1 Rac8
14.d5 Rfe8 15.Ng3 g6 16.Nh2 h5 17.f4 exf4 18.Bxf4 Nd7 19.Nf3
Nc4 20.b3 Nce5 21.Rf1 Bf6 22.Ng5 Qd8 23.Qd2 c4 24.b4 Nd3 25.Be3
Qe7 26.Rf3 Rf8 27.Raf1 N3e5 28.R3f2 Nd3 29.Rf3 Ra8 30.a4 a5 31.bxa5
Rxa5 32.Bxd3 cxd3 33.axb5 Rxb5 34.Qxd3 Rb3 35.Rxf6 Nxf6 36.Qc2
Ra3 37.Bd4 Nxd5 38.exd5 Bxd5 0-1

[Event "Moscow Open 2009 B"]
[Site "www.moscowchessopen.ru"]
[Date "2009.02.04"]
[Round "5.181"]
[White "Grigoriev, Radimir"]
[Black "Matyushin, Lev"]
[Result "1-0"]
[WhiteElo "2065"]
[BlackElo "1865"]
[Annotator ""]
[Source ""]
[Remark ""]

1.e4 d5 2.exd5 Nf6 3.c4 c6 4.dxc6 Nxc6 5.Nf3 e6 6.d4 b6 7.a3
a5 8.Nc3 Bd6 9.Be3 O-O 10.Bd3 Re8 11.Ne4 Be7 12.O-O Bb7 13.Rc1
Rc8 14.Bb1 g6 15.Qd3 Qd7 16.Rfd1 Rcd8 17.Qb3 Qc7 18.Nxf6+ Bxf6
19.d5 Ne5 20.Bxb6 Nxf3+ 21.gxf3 Qb8 22.Bxd8 Rxd8 23.dxe6 fxe6
24.Be4 Bxe4 25.Qxb8 Rxb8 26.fxe4 1-0

[Event "Moscow Open 2009 B"]
[Site "www.moscowchessopen.ru"]
[Date "2009.02.04"]
[Round "5.182"]
[White "Kruchinin, Anatoly V"]
[Black "Masich, Vladimir"]
[Result "0-1"]
[WhiteElo "1809"]
[BlackElo "2053"]
[Annotator ""]
[Source ""]
[Remark ""]

1.g4 d5 2.Bg2 c6 3.g5 e5 4.d4 Be7 5.h4 h6 6.dxe5 hxg5 7.h5 Be6
8.Nf3 Nd7 9.Qd2 g4 10.Ng5 Bxg5 11.Qxg5 Qxg5 12.Bxg5 Nxe5 13.Nd2
f6 14.Bf4 Bf7 15.O-O-O Rxh5 16.Rxh5 Bxh5 17.Rh1 Bg6 18.e4 dxe4
19.Bxe4 Bxe4 20.Nxe4 O-O-O 21.Rh7 0-1

[Event "Moscow Open 2009 B"]
[Site "www.moscowchessopen.ru"]
[Date "2009.02.04"]
[Round "5.183"]
[White "Matsokina, Evgenia"]
[Black "Mironov, Yury"]
[Result "1-0"]
[WhiteElo "2036"]
[BlackElo "1792"]
[Annotator ""]
[Source ""]
[Remark ""]

1.d4 Nf6 2.c4 e6 3.g3 d5 4.Bg2 Bb4+ 5.Bd2 Bxd2+ 6.Nxd2 O-O 7.Ngf3
Qe7 8.O-O Rd8 9.Qc2 Nbd7 10.cxd5 Nb6 11.dxe6 Bxe6 12.e4 c6 13.Ng5
g6 14.Nxe6 Qxe6 15.e5 Nfd5 16.Ne4 Kg7 17.Nd6 Rd7 18.Qb3 Qe7 19.Bh3
Rc7 20.Ne4 Rd8 21.Rfe1 Qb4 22.Rad1 Qxb3 23.axb3 Nc8 24.f4 Nb4
25.Rd2 c5 26.Rc1 b6 27.e6 f5 28.Ng5 Re7 29.Nf7 Rde8 30.d5 Rxf7
31.exf7 Kxf7 32.d6 Rd8 33.d7 Ne7 34.Bg2 Nbc6 35.Rd6 Nd4 36.Ra1
Nb5 37.Rd3 a5 38.b4 axb4 39.Ra8 1-0

[Event "Moscow Open 2009 B"]
[Site "www.moscowchessopen.ru"]
[Date "2009.02.04"]
[Round "5.184"]
[White "Yusubov, Timur"]
[Black "Rubanov, Sergey"]
[Result "1-0"]
[WhiteElo "2023"]
[BlackElo "1788"]
[Annotator ""]
[Source ""]
[Remark ""]

1.Nc3 c5 2.Nf3 d6 3.e3 Nf6 4.d4 cxd4 5.exd4 g6 6.Bb5+ Bd7 7.Qe2
Bg7 8.O-O O-O 9.Bxd7 Qxd7 10.Ne4 Rc8 11.c3 Nxe4 12.Qxe4 d5 13.Qh4
Bf6 14.Ng5 h5 15.h3 Kg7 16.f4 e6 17.Bd2 Nc6 18.Rae1 Ne7 19.Qf2
Nf5 20.g4 hxg4 21.hxg4 Nd6 22.Re5 Rh8 23.Qg3 Rh6 24.f5 exf5 25.Rxd5
Ne4 26.Nxe4 Qxd5 27.Bxh6+ Kxh6 28.Nxf6 Qc6 29.g5+ Kg7 30.Qe5
Rh8 31.Nh5+ Kg8 32.Qg7# 1-0

[Event "Moscow Open 2009 B"]
[Site "www.moscowchessopen.ru"]
[Date "2009.02.04"]
[Round "5.185"]
[White "Lavshirbanov, Ruslan"]
[Black "Yudin, Andrey"]
[Result "0-1"]
[WhiteElo "1791"]
[BlackElo "2013"]
[Annotator ""]
[Source ""]
[Remark ""]

1.e4 e5 2.Nf3 Nc6 3.Bb5 a6 4.Ba4 Nf6 5.O-O b5 6.Bb3 Be7 7.Re1
d6 8.h3 O-O 9.c3 Nb8 10.d4 Nbd7 11.Nbd2 Bb7 12.Bc2 Re8 13.Nf1
Bf8 14.Ng3 g6 15.d5 c6 16.dxc6 Bxc6 17.Nh2 h5 18.Bg5 Qc7 19.Nf3
Bg7 20.Nh4 d5 21.exd5 Bxd5 22.Qd2 Rab8 23.Bh6 Nf8 24.Bxg7 Kxg7
25.Nhf5+ Kg8 26.Qh6 Ne6 27.f4 e4 28.Rf1 Qc5+ 29.Kh2 Qf8 30.Qxf8+
Kxf8 31.Ne3 Nc5 32.Rfd1 Bc4 33.Nxc4 bxc4 34.Ne2 Nd3 35.b4 Nd5
36.Ba4 Re6 37.g3 Nb2 38.Bc2 Nxd1 39.Rxd1 Ke7 40.Rc1 Ne3 41.Nd4
Nxc2 42.Rxc2 e3 43.Re2 Rd8 44.a3 Rxd4 45.cxd4 Kd6 46.Kg2 Kd5
47.Kf1 Kxd4 48.Re1 Kd3 49.Rd1+ Kc2 50.Rd7 Kb2 51.b5 e2+ 52.Ke1
c3 53.bxa6 Rxa6 54.Rb7+ Kc1 55.Rxf7 Re6 56.Rc7 c2 57.Rb7 Re3 0-1

[Event "Moscow Open 2009 B"]
[Site "www.moscowchessopen.ru"]
[Date "2009.02.04"]
[Round "5.186"]
[White "Artjushin, Viktor"]
[Black "Alimov, Ravil"]
[Result "1-0"]
[WhiteElo "2010"]
[BlackElo "1776"]
[Annotator ""]
[Source ""]
[Remark ""]

1.e4 e5 2.d4 exd4 3.Qxd4 Nc6 4.Qe3 d6 5.Bd2 Nf6 6.Nc3 Be7 7.Bc4
Be6 8.Bb3 Qd7 9.Nge2 Ng4 10.Qg3 Nf6 11.f3 Qd8 12.O-O-O Bxb3 13.axb3
g6 14.Nf4 Qb8 15.Ncd5 Nxd5 16.Nxd5 a5 17.Bc3 Rg8 18.Bf6 Rf8 19.Bxe7
Nxe7 20.Nf6+ Kd8 21.e5 d5 22.Nxd5 Nxd5 23.Rxd5+ Ke8 24.Rhd1 c6
25.Rd7 Qc8 26.Qh3 Rh8 27.e6 f6 28.Qh6 1-0

[Event "Moscow Open 2009 B"]
[Site "www.moscowchessopen.ru"]
[Date "2009.02.04"]
[Round "5.187"]
[White "Knyazev, Nikolay"]
[Black "Tantsov, Peter"]
[Result "1-0"]
[WhiteElo "1999"]
[BlackElo "1762"]
[Annotator ""]
[Source ""]
[Remark ""]

1.e4 c5 2.Nf3 d6 3.d4 cxd4 4.Nxd4 Nf6 5.Nc3 a6 6.g3 e6 7.Bg2
Nbd7 8.h3 Be7 9.Be3 Qc7 10.O-O O-O 11.f4 e5 12.Nf5 Nc5 13.Nxe7+
Qxe7 14.f5 b5 15.b4 Ncd7 16.g4 Bb7 17.g5 Ne8 18.h4 Rc8 19.Qd2
f6 20.a4 a5 21.bxa5 bxa4 22.Nxa4 Rc4 23.Rfb1 Bxe4 24.Bxe4 Rxe4
25.Qd5+ 1-0

[Event "Moscow Open 2009 B"]
[Site "www.moscowchessopen.ru"]
[Date "2009.02.04"]
[Round "5.188"]
[White "Litvinov, Konstantin"]
[Black "Grinenko, Viktor"]
[Result "0-1"]
[WhiteElo "1768"]
[BlackElo "1994"]
[Annotator ""]
[Source ""]
[Remark ""]

1.d4 Nf6 2.c4 e6 3.Nc3 Bb4 4.Bg5 c5 5.Bxf6 Qxf6 6.e3 Nc6 7.Nf3
cxd4 8.exd4 d5 9.a3 Bxc3+ 10.bxc3 O-O 11.Be2 dxc4 12.Bxc4 e5
13.Bb5 exd4 14.cxd4 Rd8 15.Bxc6 bxc6 16.Qc2 Bf5 17.Qc4 Re8+ 18.Kd2
Rab8 19.Ne5 Qg5+ 20.Kd1 Rxe5 21.dxe5 Rd8+ 22.Ke2 Qd2+ 23.Kf3
Rd3+ 24.Qxd3 Qxd3+ 25.Kf4 Qe4+ 0-1

[Event "Moscow Open 2009 B"]
[Site "www.moscowchessopen.ru"]
[Date "2009.02.04"]
[Round "5.189"]
[White "Lebedev, Roman"]
[Black "Udodov, Yuri"]
[Result "0-1"]
[WhiteElo "1710"]
[BlackElo "1986"]
[Annotator ""]
[Source ""]
[Remark ""]

1.d4 f5 2.c4 Nf6 3.Nc3 g6 4.Nf3 Bg7 5.Bg5 d6 6.Bxf6 Bxf6 7.e4
fxe4 8.Nxe4 Bg7 9.Qb3 Nc6 10.Rd1 e6 11.Be2 Qe7 12.O-O a5 13.Qe3
Bd7 14.Qg5 Qxg5 15.Nexg5 h6 16.Ne4 O-O 17.Rfe1 Rf4 18.Nc3 Nxd4
19.Nxd4 Rxd4 20.Rxd4 Bxd4 21.Nd1 a4 22.a3 Ra5 23.Bg4 Re5 24.Rxe5
Bxe5 25.Kf1 Kf7 26.g3 Bc6 27.Nc3 Bxc3 28.bxc3 e5 29.Ke2 Ke7 30.Ke3
Bd7 31.Bf3 b6 32.Be4 Bf5 33.Bc6 Bd7 34.Be4 Kf6 35.h4 Be6 36.Bc6
Bxc4 37.Bxa4 b5 38.Bc2 g5 39.hxg5+ hxg5 40.f4 exf4+ 41.gxf4 g4
42.Bd1 Be6 43.Be2 Bd7 44.Bd3 c5 45.Be4 Ke6 46.Bg2 d5 47.f5+ Ke5
48.f6 d4+ 49.cxd4+ cxd4+ 50.Kd2 Kxf6 51.Bf1 Bc6 52.Kd3 Ke5 0-1

[Event "Moscow Open 2009 B"]
[Site "www.moscowchessopen.ru"]
[Date "2009.02.04"]
[Round "5.190"]
[White "Makhno, Mikhail"]
[Black "Lavrischev, Anatoliy"]
[Result "1/2-1/2"]
[WhiteElo "1621"]
[BlackElo "1981"]
[Annotator ""]
[Source ""]
[Remark ""]

1.e4 b6 2.d4 Bb7 3.Nc3 e6 4.a3 Nf6 5.Bg5 Be7 6.Bd3 d6 7.Bxf6
Bxf6 8.Nf3 Nd7 9.Qd2 a6 10.g4 h6 11.h4 c5 12.d5 Ne5 13.Nxe5 dxe5
14.dxe6 fxe6 15.h5 Bg5 16.Qe2 b5 17.Rd1 Qa5 18.Qf3 Rf8 19.Qg2
Rd8 20.O-O c4 21.Be2 Rd4 22.Rxd4 exd4 23.Na2 Qd2 24.Bd1 a5 25.Qg3
Bf4 26.Qh3 Bxe4 27.g5 Bf5 28.Qf3 e5 29.Qd5 Bd7 30.g6 Bg5 31.Qxe5+
Be7 1/2-1/2

[Event "Moscow Open 2009 B"]
[Site "www.moscowchessopen.ru"]
[Date "2009.02.04"]
[Round "5.192"]
[White "Lushnikov, Evgeny"]
[Black "Bondarev, Ivan"]
[Result "1-0"]
[WhiteElo "1961"]
[BlackElo "1759"]
[Annotator ""]
[Source ""]
[Remark ""]

1.e4 c6 2.Nc3 d5 3.Nf3 Bg4 4.d4 e6 5.h3 Bxf3 6.Qxf3 dxe4 7.Qxe4
Nf6 8.Qd3 Qc7 9.g3 Bd6 10.Ne4 Nxe4 11.Qxe4 Nd7 12.Qg4 Rg8 13.Bd3
Nf6 14.Qf3 O-O-O 15.Be3 Kb8 16.O-O-O Qa5 17.Kb1 Qd5 18.Qe2 Qa5
19.c4 c5 20.dxc5 Bxc5 21.Bf4+ Ka8 22.Bc2 Qb6 23.f3 Bd4 24.Bb3
Qc5 25.Rhe1 Nh5 26.Bc2 h6 27.Qd2 Qb6 28.Qc1 Bf2 29.Rxd8+ Rxd8
30.Rd1 Bxg3 31.c5 Qa5 32.Be3 Rxd1 33.Bxd1 Qc7 34.Qc3 Be5 35.Qc4
Nf6 36.f4 Bd6 37.Bf3 Be7 38.c6 b6 39.f5 e5 40.Qxf7 e4 41.Be2
Bd6 42.Qe6 Qxc6 43.Bf4 Ne8 44.Bc4 Kb8 45.Bd5 Nc7 46.Bxd6 Qb5
47.Qg8+ 1-0

[Event "Moscow Open 2009 B"]
[Site "www.moscowchessopen.ru"]
[Date "2009.02.04"]
[Round "5.193"]
[White "Safoev, Zarif"]
[Black "Marder, Elena"]
[Result "1-0"]
[WhiteElo "1959"]
[BlackElo "1747"]
[Annotator ""]
[Source ""]
[Remark ""]

1.e4 c5 2.Nf3 d6 3.d4 cxd4 4.Nxd4 Nf6 5.Nc3 a6 6.Bg5 e6 7.f4
Be7 8.Qf3 Qc7 9.O-O-O O-O 10.g4 b5 11.Bd3 Bb7 12.Qh3 Nbd7 13.Rhe1
h6 14.Bxh6 b4 15.g5 bxc3 16.Bxg7 cxb2+ 17.Kb1 Nh5 18.Qxh5 Kxg7
19.Qh6+ Kg8 20.e5 f5 21.gxf6 Nxf6 22.Rg1+ 1-0

[Event "Moscow Open 2009 B"]
[Site "www.moscowchessopen.ru"]
[Date "2009.02.04"]
[Round "5.194"]
[White "Mihnenko, Nikita"]
[Black "Kosov, Igor"]
[Result "1-0"]
[WhiteElo "1955"]
[BlackElo "1743"]
[Annotator ""]
[Source ""]
[Remark ""]

1.e4 c5 2.c3 d6 3.d4 Nf6 4.Bd3 cxd4 5.cxd4 Nc6 6.Ne2 g6 7.Bd2
Bg7 8.Bc3 O-O 9.O-O a6 10.a4 b6 11.f3 e6 12.b4 Bd7 13.Na3 Ne7
14.b5 axb5 15.Nxb5 Bxb5 16.axb5 Qc7 17.Qb3 Rfc8 18.Ra4 d5 19.e5
Ne8 20.Rfa1 Qb7 21.g4 Bh6 22.Kf2 f5 23.Qa3 Rxa4 24.Qxa4 Nc7 25.Qa7
Rb8 26.Bb4 Nc8 27.Qa3 fxg4 28.fxg4 Bg5 29.Kg2 Ra8 30.Qb2 Rxa1
31.Qxa1 Qa7 32.Qf1 Bh6 33.Qf6 Ne8 34.Qxe6+ Qf7 35.Qxc8 Be3 36.Be1
h5 37.gxh5 gxh5 38.Qf5 1-0

[Event "Moscow Open 2009 B"]
[Site "www.moscowchessopen.ru"]
[Date "2009.02.04"]
[Round "5.211"]
[White "Kochetov, Dmitri A"]
[Black "Petukhov, Nikolay"]
[Result "1-0"]
[WhiteElo "1995"]
[BlackElo "1843"]
[Annotator ""]
[Source ""]
[Remark ""]

1.b3 e5 2.Bb2 Nc6 3.e3 d5 4.Bb5 Bd6 5.f4 Qe7 6.Nf3 f6 7.O-O Bd7
8.Bxc6 Bxc6 9.fxe5 Bc5 10.a4 O-O-O 11.d4 Bb4 12.c3 Ba5 13.b4
Bxb4 14.cxb4 Qxb4 15.Qc2 g6 16.exf6 Nh6 17.Ne5 Be8 18.Ba3 1-0

[Event "Moscow Open 2009 B"]
[Site "www.moscowchessopen.ru"]
[Date "2009.02.04"]
[Round "5.212"]
[White "Gavrilenko, Viktor"]
[Black "Pak, Alexander"]
[Result "0-1"]
[WhiteElo "1969"]
[BlackElo "1649"]
[Annotator ""]
[Source ""]
[Remark ""]

1.d4 d5 2.Nf3 c6 3.g3 Bf5 4.Bg2 Nf6 5.O-O e6 6.Nbd2 Be7 7.c4
O-O 8.c5 Nbd7 9.Nh4 Bg6 10.Nxg6 hxg6 11.Rb1 e5 12.e3 a5 13.a3
b5 14.b4 axb4 15.axb4 e4 16.f3 exf3 17.Bxf3 Re8 18.Nb3 Bf8 19.Bd2
Ne4 20.Bxe4 Rxe4 21.Qf3 f5 22.Ra1 Rc8 23.Ra7 Nf6 24.Rfa1 Qe8
25.h3 Qe6 26.R1a6 g5 27.Qf2 f4 28.Qg2 fxe3 29.Be1 e2 30.Ra8 Rxa8
31.Rxa8 Re3 32.Nc1 Ne4 33.Ra2 Nxg3 34.Rd2 Nh5 35.Rxe2 Rxe2 36.Nxe2
Nf4 37.Nxf4 Qxe1+ 38.Kh2 gxf4 39.Qg6 Qg3+ 40.Qxg3 fxg3+ 41.Kxg3 0-1

[Event "Moscow Open 2009 B"]
[Site "www.moscowchessopen.ru"]
[Date "2009.02.04"]
[Round "5.213"]
[White "Ahmadov, Vusal Karimkhan Oglu"]
[Black "Khorsun, Vsevolod"]
[Result "0-1"]
[WhiteElo "1953"]
[BlackElo "1715"]
[Annotator ""]
[Source ""]
[Remark ""]

1.e4 c5 2.Nf3 e6 3.d4 cxd4 4.Nxd4 a6 5.Nc3 Qc7 6.Bd3 b5 7.Be3
Bb7 8.O-O Nf6 9.a3 Be7 10.Kh1 d6 11.f4 Nbd7 12.Nb3 Rc8 13.Qe2
h5 14.Rae1 Ng4 15.Bd4 e5 16.Nd5 Bxd5 17.exd5 O-O 18.fxe5 dxe5
19.h3 Bh4 20.hxg4 Bxe1 21.Qxe1 exd4 22.Qe4 f5 23.Qe6+ Kh8 24.Rxf5
Rxf5 25.Qxf5 Nf8 26.Nxd4 g6 27.Qf6+ Qg7 28.Qxa6 Re8 29.Ne6 Nxe6
30.dxe6 Qxb2 31.Qd6 Qc1+ 32.Kh2 Qe3 33.Bxb5 Rxe6 34.Qb8+ Kg7
35.Bc4 Re7 36.Qg8+ Kf6 37.Qf8+ Kg5 38.gxh5 Qe5+ 39.Kg1 Qe1+ 40.Bf1
Re5 41.Qf3 Rf5 0-1

[Event "Moscow Open 2009 B"]
[Site "www.moscowchessopen.ru"]
[Date "2009.02.04"]
[Round "5.214"]
[White "Absoliamov, Javday"]
[Black "Vasiliev, Mikhail"]
[Result "1-0"]
[WhiteElo "1948"]
[BlackElo "1486"]
[Annotator ""]
[Source ""]
[Remark ""]

1.c4 e5 2.Nc3 Nf6 3.g3 Bc5 4.e3 c6 5.Nge2 d5 6.cxd5 Nxd5 7.Bg2
Be6 8.O-O O-O 9.Re1 Qc8 10.d4 Nxc3 11.bxc3 Bd6 12.e4 Bh3 13.Qb3
Bxg2 14.Kxg2 Re8 15.d5 c5 16.Rb1 b6 17.c4 Nd7 18.Nc3 Nf6 19.Nb5
Bf8 20.Bg5 Nd7 21.d6 a6 22.Nc7 Rb8 23.Nxe8 Qxe8 24.Qd3 h6 25.Be3
Qe6 26.Red1 h5 27.h3 Qf6 28.a4 a5 29.h4 Qe6 30.Rb2 g6 31.f4 Qf6
32.Rf2 Qh8 33.f5 Bh6 34.fxg6 fxg6 35.Qd5+ Kh7 36.Rf7+ Bg7 37.Rxd7
Rf8 38.Rf7 Qg8 39.Rdf1 Kh8 40.Rxf8 Bxf8 41.Qxg8+ Kxg8 1-0

[Event "Moscow Open 2009 B"]
[Site "www.moscowchessopen.ru"]
[Date "2009.02.04"]
[Round "5.215"]
[White "Bocharnikov, Oleg"]
[Black "Andreev, Volodymyr"]
[Result "1-0"]
[WhiteElo "1829"]
[BlackElo "1915"]
[Annotator ""]
[Source ""]
[Remark ""]

1.Nf3 Nf6 2.d4 g6 3.c4 Bg7 4.Nc3 O-O 5.e4 d6 6.h3 e5 7.dxe5 dxe5
8.Qxd8 Rxd8 9.Nd5 Nxd5 10.cxd5 c6 11.Bc4 h6 12.Bd2 cxd5 13.Bxd5
Nc6 14.Bc3 Re8 15.Rd1 Be6 16.O-O Rab8 17.a4 Bc8 18.Rd2 g5 19.Re1
g4 20.hxg4 Bxg4 21.Nh2 Be6 22.Nf3 Bc8 23.Rd3 Nd8 24.Bc4 Bg4 25.Nh2
Be6 26.Bd5 Kh7 27.Rg3 f6 28.Rd1 Bxd5 29.exd5 Re7 30.Nf1 Rd7 31.Ne3
Nf7 32.Nf5 Bf8 33.Rgd3 Nd6 34.Ne3 Ne4 35.Ng4 Kg6 36.Bxe5 Re8
37.Bc3 h5 38.Ne3 a6 39.Be1 f5 40.g3 h4 41.Ng2 hxg3 42.fxg3 Bc5+
43.Kf1 Rh7 44.Nh4+ Kg5 45.Kg2 f4 46.gxf4+ Kxf4 47.d6 Bxd6 48.Kh3
{запись неразборчивая} 1-0

[Event "Moscow Open 2009 B"]
[Site "www.moscowchessopen.ru"]
[Date "2009.02.04"]
[Round "5.216"]
[White "Motruk, Oleg"]
[Black "Meshechko, Julia"]
[Result "1-0"]
[WhiteElo "1727"]
[BlackElo "1897"]
[Annotator ""]
[Source ""]
[Remark ""]

1.e4 c5 2.c3 d5 3.exd5 Qxd5 4.d4 cxd4 5.cxd4 Nc6 6.Nf3 Bg4 7.Be2
e6 8.Nc3 Qd8 9.Be3 Nf6 10.O-O Be7 11.h3 Bh5 12.Ne5 Bxe2 13.Nxe2
O-O 14.Nc3 Nd5 15.Nxc6 bxc6 16.Nxd5 Qxd5 17.Qc2 Bf6 18.Qa4 Qb5
19.Qxb5 cxb5 20.Rac1 Rac8 21.Rxc8 Rxc8 22.d5 Bxb2 23.d6 Rd8 24.d7
e5 25.Rd1 h6 26.Rd5 Bd4 27.Bd2 Bb6 28.Bb4 f6 29.Be7 Kf7 30.Bxd8
Bxd8 31.Rxb5 Bb6 1-0